000 00639nam a2200253Ia 4500
003 OSt
005 20221007102028.0
006 a|||||r|||| 00| 0
007 ta
008 221006b |||||||| |||| 00| 0 eng d
020 _a0820324043
024 _a9,234
037 _cTextual
040 _aLCO
_cLCO
_beng
041 _2eng
_aeng
082 _aZ1, P2
100 _aBederman D.J.
_9704163
245 0 _aSpirit of International Law
260 _aLondon
_bUniversity Georgia Press
_c2002
300 _a274
650 _aINTERNATIONAL LAW
942 _hZ1, P2
_cTEXL
999 _c1178797
_d1178797